Online
Catalog

Actitudes femeninas frente a los oficios no tradicionales / (Record no. 50991)

MARC details
000 -CABECERA
campo de control de longitud fija 02133nam a22003377a 4500
003 - IDENTIFICADOR DEL NÚMERO DE CONTROL
campo de control DO-SdBNP
005 - FECHA Y HORA DE LA ÚLTIMA TRANSACCIÓN
campo de control 20220705112110.0
007 - CAMPO FIJO DE DESCRIPCIÓN FÍSICA--INFORMACIÓN GENERAL
campo de control de longitud fija ta
008 - DATOS DE LONGITUD FIJA--INFORMACIÓN GENERAL
campo de control de longitud fija 090703s2020 dr acd 000 0 spa d
020 ## - NÚMERO INTERNACIONAL ESTÁNDAR DEL LIBRO
Número Internacional Estándar del Libro 9789945613728
040 ## - FUENTE DE LA CATALOGACIÓN
Centro catalogador/agencia de origen DO-SdBNP
Lengua de catalogación spa
Centro/agencia transcriptor BNPHU
082 #4 - NÚMERO DE LA CLASIFICACIÓN DECIMAL DEWEY
Número de clasificación 305.42097293
Número de documento/Ítem M385a, 2020
Número de edición 22
100 1# - ENTRADA PRINCIPAL--NOMBRE DE PERSONA
Nombre de persona Martínez Jiménez, Lusitania Francisca,
9 (RLIN) 8400
245 10 - MENCIÓN DE TÍTULO
Título Actitudes femeninas frente a los oficios no tradicionales /
Mención de responsabilidad, etc. Lusitania Francisca Martínez Jiménez ; cuidado de edición Daniel García Santos y Juan Francisco Domínguez Novas.
250 ## - MENCIÓN DE EDICIÓN
Mención de edición 2da. ed.
260 ## - PUBLICACIÓN, DISTRIBUCIÓN, ETC.
Lugar de publicación, distribución, etc. Santo Domingo :
Nombre del editor, distribuidor, etc. Archivo General de la Nación,
Fecha de publicación, distribución, etc. 2020.
300 ## - DESCRIPCIÓN FÍSICA
Extensión 210 p. :
Otras características físicas il. ;
Dimensiones 21 cm.
490 1# - MENCIÓN DE SERIE
Mención de serie Archivo General de la Nación ;
Designación de volumen o secuencia 405
500 ## - NOTA GENERAL
Nota general Incluye referencias bibliográficas y notas al pie de las páginas.
504 ## - NOTA DE BIBLIOGRAFÍA, ETC.
Nota de bibliografía, etc. Bibliografia : p. 199-210
505 0# - NOTA DE CONTENIDO CON FORMATO
Nota de contenido con formato Índice de cuadros -- Nota a la segunda edición -- Presentación a la primera edición (1994) -- Primera parte -- La división sexual del trabajo: actividades reproductivas y productivas de la mujer -- Epílogo a la primera parte y preámbulo para la segunda -- La homosexualidad de la división del trabajo -- Segunda parte -- Introducción. Lo concreto: mujer y trabajo en América Latina -- República Dominicana: educación, mujer, trabajo y crisis -- Educación, trabajo y mujer -- Las actitudes femeninas -- Tercera parte -- Los Mina norte: breve contexto global -- Los Mina Norte: un caso de marginalidad -- Los resultados de las entrevistas -- Algunas preguntas de investigación -- Cuadros y gráficos -- Conclusiones y recomendaciones – Anexos – Bibliografía.
590 ## - NOTA LOCAL (RLIN)
Nota local Inventariado, 2021/LP
650 #4 - PUNTO DE ACCESO ADICIONAL DE MATERIA--TÉRMINO DE MATERIA
Término de materia o nombre geográfico como elemento de entrada Educación de la mujer
Subdivisión geográfica República Dominicana
9 (RLIN) 8402
650 #4 - PUNTO DE ACCESO ADICIONAL DE MATERIA--TÉRMINO DE MATERIA
Término de materia o nombre geográfico como elemento de entrada Mujeres en República Dominicana
9 (RLIN) 2066
651 #4 - PUNTO DE ACCESO ADICIONAL DE MATERIA--NOMBRE GEOGRÁFICO
Nombre geográfico Trabajo de la mujer
Subdivisión geográfica República Dominicana
9 (RLIN) 8401
700 1# - PUNTO DE ACCESO ADICIONAL--NOMBRE DE PERSONA
Nombre de persona García Santos, Daniel,
Término indicativo de función/relación ed.
9 (RLIN) 8403
700 1# - PUNTO DE ACCESO ADICIONAL--NOMBRE DE PERSONA
Nombre de persona Domínguez Novas, Juan Francisco,
Término indicativo de función/relación ed.
9 (RLIN) 73382
830 #0 - PUNTO DE ACCESO ADICIONAL DE SERIE-TÍTULO UNIFORME
Título uniforme Archivo General de la Nación ;
Número de parte o sección de la obra 405
9 (RLIN) 80666
910 ## - DATOS DE OPCIÓN DEL USUARIO (OCLC)
Datos de opción del usuario Validado. Control de calidad MFF
942 ## - ELEMENTOS DE PUNTO DE ACCESO ADICIONAL (KOHA)
Fuente del sistema de clasificación o colocación Dewey Decimal Classification
Tipo de ítem Koha Libro
Holdings
Estado de retiro Estado de pérdida Fuente del sistema de clasificación o colocación Restricciones de uso No para préstamo Código de colección Localización permanente Ubicación/localización actual Ubicación en estantería Fecha de adquisición Fuente de adquisición Signatura topográfica completa Código de barras Fecha visto por última vez Precio válido a partir de Tipo de ítem Koha Número de copia Nota pública
    Dewey Decimal Classification Excluido de préstamo   Patrimonio Dominicano Biblioteca Nacional Pedro Henríquez Ureña Biblioteca Nacional Pedro Henríquez Ureña Depósito 18.11.2021 Depósito Legal BNPHU PD 305.42097293 M385a 2020 2021-28194 18.11.2021 18.11.2021 Libro    
    Dewey Decimal Classification Excluido de préstamo   Patrimonio Dominicano Biblioteca Nacional Pedro Henríquez Ureña Biblioteca Nacional Pedro Henríquez Ureña Depósito 18.11.2021 Depósito Legal BNPHU PD 305.42097293 M385a 2020 2021-28195 18.11.2021 18.11.2021 Libro e.2  
    Dewey Decimal Classification Préstamo en sala   Dominicana de Servicio Biblioteca Nacional Pedro Henríquez Ureña Biblioteca Nacional Pedro Henríquez Ureña Depósito 18.11.2021 Depósito Legal BNPHU DS 305.42097293 M385a 2020 2021-28196 18.11.2021 18.11.2021 Libro e.3  
    Dewey Decimal Classification Préstamo en sala   Dominicana de Servicio Biblioteca Nacional Pedro Henríquez Ureña Biblioteca Nacional Pedro Henríquez Ureña Depósito 05.07.2022 Donación BNPHU DS 305.42097293 M385a 2020 2022-3303 05.07.2022 05.07.2022 Libro e.4 Donado por Edgar Valenzuela
    Dewey Decimal Classification Préstamo en sala   Dominicana de Servicio Biblioteca Nacional Pedro Henríquez Ureña Biblioteca Nacional Pedro Henríquez Ureña Depósito 05.07.2022 Donación BNPHU DS 305.42097293 M385a 2020 2022-3304 05.07.2022 05.07.2022 Libro e.5  

Powered by Koha